The Pathan borderland / (Record no. 331707)
[ view plain ]
| 000 -LEADER | |
|---|---|
| fixed length control field | 00611cam a22002051 4500 |
| 001 - CONTROL NUMBER | |
| control field | 15719408 |
| 003 - CONTROL NUMBER IDENTIFIER | |
| control field | NUST |
| 005 - DATE AND TIME OF LATEST TRANSACTION | |
| control field | 20171017105109.0 |
| 008 - FIXED-LENGTH DATA ELEMENTS--GENERAL INFORMATION | |
| fixed length control field | 090430s1963 ne b 000 0 eng |
| 010 ## - LIBRARY OF CONGRESS CONTROL NUMBER | |
| LC control number | 65008640 |
| 040 ## - CATALOGING SOURCE | |
| Original cataloging agency | DLC |
| Transcribing agency | DLC |
| Modifying agency | DLC |
| 050 00 - LIBRARY OF CONGRESS CALL NUMBER | |
| Classification number | DS432.P4 |
| Item number | S58 |
| 082 ## - DEWEY DECIMAL CLASSIFICATION NUMBER | |
| Classification number | 954.912 |
| Author Mark | SPA |
| 100 1# - MAIN ENTRY--PERSONAL NAME | |
| Personal name | Spain, James W. |
| Fuller form of name | (James William) |
| 9 (RLIN) | 5485 |
| 245 14 - TITLE STATEMENT | |
| Title | The Pathan borderland / |
| Statement of responsibility, etc. | by James W. Spain. |
| 260 ## - PUBLICATION, DISTRIBUTION, ETC. | |
| Place of publication, distribution, etc. | The Hague : |
| Name of publisher, distributor, etc. | Mouton, |
| Date of publication, distribution, etc. | 1963. |
| 300 ## - PHYSICAL DESCRIPTION | |
| Extent | 560 p. : |
| Other physical details | map ; |
| Dimensions | 25 cm. |
| 650 #0 - SUBJECT ADDED ENTRY--TOPICAL TERM | |
| Topical term or geographic name entry element | Pushtuns. |
| 9 (RLIN) | 3930 |
| 650 #0 - SUBJECT ADDED ENTRY--TOPICAL TERM | |
| Topical term or geographic name entry element | Eastern question (Central Asia) |
| 9 (RLIN) | 5486 |
| 880 ## - ALTERNATE GRAPHIC REPRESENTATION | |
| Linkage | 100-01\(3\r |
| Title | James W. Spain |
| 880 ## - ALTERNATE GRAPHIC REPRESENTATION | |
| Linkage | 245-02\(3\r |
| Title | پشتونوں کی تاریخ |
| c | ترجمہ: انور رومان |
| 880 ## - ALTERNATE GRAPHIC REPRESENTATION | |
| Linkage | 260-03\(3\r |
| Title | کوئٹہ: |
| b | گوشہ ادب، |
| c | 1963 |
| 906 ## - LOCAL DATA ELEMENT F, LDF (RLIN) | |
| a | 0 |
| b | cbc |
| c | premunv |
| d | 3 |
| e | ncip |
| f | 19 |
| g | y-gencatlg |
| 942 ## - ADDED ENTRY ELEMENTS (KOHA) | |
| Source of classification or shelving scheme | |
| Koha item type | Book |
| Withdrawn status | Lost status | Source of classification or shelving scheme | Damaged status | Not for loan | Collection code | Permanent Location | Current Location | Shelving location | Date acquired | Total Checkouts | Full call number | Barcode | Date last seen | Copy number | Price effective from | Koha item type |
|---|---|---|---|---|---|---|---|---|---|---|---|---|---|---|---|---|
| Central Library (CL) | Central Library (CL) | Book Cart | 10/17/2017 | 954.912 SPA | CL2922 | 05/31/2024 | 1 | 10/17/2017 | Book |
